Welcome to WEB OPAC of MRSPTU Central Library

Applied mechanics (Record no. 7703)

MARC details
000 -LEADER
fixed length control field 00353nam a2200145Ia 4500
008 - FIXED-LENGTH DATA ELEMENTS--GENERAL INFORMATION
fixed length control field 230711s9999||||xx |||||||||||||| ||und||
041 ## - LANGUAGE CODE
Language code of text/sound track or separate title ENG
082 ## - DEWEY DECIMAL CLASSIFICATION NUMBER
Classification number 620.004
Item number AU-A
100 ## - MAIN ENTRY--PERSONAL NAME
Personal name Aulakh,GS
245 #0 - TITLE STATEMENT
Title Applied mechanics
250 ## - EDITION STATEMENT
Edition statement 8th Ed.
260 ## - PUBLICATION, DISTRIBUTION, ETC.
Date of publication, distribution, etc. 2011
Place of publication, distribution, etc. Jalandhar
Name of publisher, distributor, etc. Eagles Prakashan Regd
650 ## - SUBJECT ADDED ENTRY--TOPICAL TERM
Topical term or geographic name entry element Mechanical Engineering
942 ## - ADDED ENTRY ELEMENTS (KOHA)
Koha item type Book
Holdings
Withdrawn status Lost status Damaged status Not for loan Collection Home library Current library Date acquired Total checkouts Full call number Barcode Date last seen Price effective from Koha item type
          MRSPTU Central Library MRSPTU Central Library     620.004 AU-A PW767 08/17/2023 08/17/2023 Book
          MRSPTU Central Library MRSPTU Central Library     620.004 AU-A PW768 08/17/2023 08/17/2023 Book
          MRSPTU Central Library MRSPTU Central Library     620.004 AU-A PW769 08/17/2023 08/17/2023 Book
          MRSPTU Central Library MRSPTU Central Library     620.004 AU-A PW770 08/17/2023 08/17/2023 Book
          MRSPTU Central Library MRSPTU Central Library     620.004 AU-A PW771 08/17/2023 08/17/2023 Book
          MRSPTU Central Library MRSPTU Central Library     620.004 AU-A PW772 08/17/2023 08/17/2023 Book
          MRSPTU Central Library MRSPTU Central Library     620.004 AU-A PW773 08/17/2023 08/17/2023 Book
          MRSPTU Central Library MRSPTU Central Library     620.004 AU-A PW774 08/17/2023 08/17/2023 Book
          MRSPTU Central Library MRSPTU Central Library     620.004 AU-A PW775 08/17/2023 08/17/2023 Book
          MRSPTU Central Library MRSPTU Central Library     620.004 AU-A PW776 08/17/2023 08/17/2023 Book
          MRSPTU Central Library MRSPTU Central Library     620.004 AU-A PW777 08/17/2023 08/17/2023 Book
          MRSPTU Central Library MRSPTU Central Library     620.004 AU-A PW778 08/17/2023 08/17/2023 Book
          MRSPTU Central Library MRSPTU Central Library     620.004 AU-A PW779 08/17/2023 08/17/2023 Book
          MRSPTU Central Library MRSPTU Central Library     620.004 AU-A PW780 08/17/2023 08/17/2023 Book
          MRSPTU Central Library MRSPTU Central Library     620.004 AU-A PW781 08/17/2023 08/17/2023 Book

Website Designed and Developed by MRSPTU Central Library Team

E-mail Id: librarian@mrsptu.ac.in